Akon Discography - Statistics

General Stats
  • This quiz has been taken 10 times
    8 since last reset
  • The average score is 6 of 10
Answer Stats
Year Name Type % Correct
2008 Freedom Album
100%
2006 Konvicted Album
100%
2004 Trouble Album
100%
2019 El Negreeto Album
60%
2020 Ain't No Peace EP
40%
2019 Akonda Album
40%
2005 Illegal Alien, Vol. 1 Mixtape
40%
2012 Konkrete Jungle Mixtape
40%
2008 The Freedom Mixtape
40%
2012 The Koncrete Mixtape
20%
No matching quizzes found
Score Distribution
Percent of People with Each Score
Percentile by Number Answered
Your Score History
You have not taken this quiz since the last reset